The Last Quiz Stats

 Plays Quiz not verified by Sporcle

Score 0/16 Timer 05:00
0 Plays Today
Hint Last Term/Phrase % Correct
The opposite of winning a race would be to finish in this position.last place
96.9%
In the U.S, 'Smith' is the most common of these.last name
93.8%
Famous Bible event where Jesus and his apostles gather and drink Jesus's, 'Cup of my blood.'The Last Supper
87.5%
The Battle of Little Bighorn is also known as 'General Custer's...' this. Also a much-hated Call of Duty: Modern Warfare 2 perk.last stand
87.5%
Third film in the 'Indiana Jones' series. Released 1989.Indiana Jones and the Last Crusade
78.1%
What is read to a person on his/her death bed by a priest.Last Rites
78.1%
A villain may ask a doomed superhero if he/she has any of these. John Adams's were, 'Jefferson still survives.'last words
75%
To do something right before it's too late would be to do something this.last minute
75%
Hint Last Term/Phrase % Correct
To be the only one left.last man standing
75%
When you've had about enough, you my say it's this. Similar to hay.last straw
65.6%
This states what happens to your estate after death.last will and testament
65.6%
2010 Katy Perry song from album 'Teenage Dream'.'Last Friday Night'
46.9%
2009 horror film starring Garret Dillahunt about gruesome revenge tactics.'The Last House on the Left'
37.5%
2008 Dustin Hoffman and Emma Thompson film about first love and its risks and benefits.'Last Chance Harvey'
28.1%
This phrase explains how evil always conquers over good.nice guys finish last
6.3%
2010 remade horror film starring Patrick Fabian about a troubled evangelical minister.'The Last Exorcism'
3.1%

You're not logged in!

Compare scores with friends on all Sporcle quizzes.
OR
Log In

Show Comments

Extras

Created Feb 23, 2012ReportNominate
Tags:last, phrase, term

Top Quizzes Today


Score Distribution

Your Account Isn't Verified!

In order to create a playlist on Sporcle, you need to verify the email address you used during registration. Go to your Sporcle Settings to finish the process.

Report this User

Report this user for behavior that violates our Community Guidelines.

Details: